[Event "Tres Cantos op 9th"]
[Site "Tres Cantos"]
[Date "2017.06.29"]
[Round "8"]
[White "Montoya Gandia, Manuel"]
[Black "Elguezabal Selioutin, Dario"]
[Result "0-1"]
[WhiteElo "1668"]
[BlackElo "1871"]
[PlyCount "66"]
[EventDate "2017.06.22"]
[EventType "swiss"]
[EventRounds "9"]
[EventCountry "ESP"]
[SourceTitle "EXT 2019"]
[Source "ChessBase"]
[SourceDate "2018.10.10"]
[SourceVersion "1"]
[SourceVersionDate "2018.10.10"]
[SourceQuality "1"]

1. d4 d5 2. Nf3 Nf6 3. c4 dxc4 4. e3 e6 5. Bxc4 a6 6. 0-0 b5 7. Bb3 Bb7 8. a4 b4 9. Nbd2 Nbd7 10. Re1 c5 11. a5 Be7 12. Nc4 0-0 13. Bc2 Rc8 14. b3 cxd4 15. Nxd4 Ne4 16. Bb2 Bd5 17. Bxe4 Bxe4 18. Nxe6 fxe6 19. Qg4 Bg6 20. Qxe6+ Bf7 21. Qg4 Nf6 22. Qg3 Bxc4 23. bxc4 Rxc4 24. Rad1 Qc7 25. Be5 Qxa5 26. Ra1 Qb5 27. Red1 Rg4 28. Bxf6 Rxg3 29. Bxe7 Rg6 30. Bxf8 Kxf8 31. Rd2 b3 32. Rad1 b2 33. Rd8+ Ke7 0-1

[Event "Tres Cantos op 9th"]
[Site "Tres Cantos"]
[Date "2017.06.22"]
[Round "1"]
[White "Elguezabal Selioutin, Dario"]
[Black "Martinez Dominguez, Juan Jose"]
[Result "1/2-1/2"]
[WhiteElo "1871"]
[BlackElo "1383"]
[PlyCount "65"]
[EventDate "2017.06.22"]
[EventType "swiss"]
[EventRounds "9"]
[EventCountry "ESP"]
[SourceTitle "EXT 2019"]
[Source "ChessBase"]
[SourceDate "2018.10.10"]
[SourceVersion "1"]
[SourceVersionDate "2018.10.10"]
[SourceQuality "1"]

1. d4 e6 2. Nf3 d5 3. c4 c5 4. dxc5 Bxc5 5. e3 Nc6 6. a3 Nf6 7. b4 Bb6 8. Bb2 dxc4 9. Qxd8+ Bxd8 10. Bxc4 0-0 11. Nbd2 a5 12. b5 Ne7 13. Ke2 b6 14. Rac1 Bb7 15. Bd3 Ned5 16. g3 Nd7 17. Bd4 Bf6 18. e4 Bxd4 19. exd5 Bc5 20. dxe6 fxe6 21. Bc4 Bd5 22. a4 Rf5 23. Bxd5 exd5 24. Kf1 Re8 25. Re1 Rxe1+ 26. Kxe1 Bb4 27. Ke2 Nc5 28. Ra1 Bc3 29. Ra2 Rf6 30. Nb1 Re6+ 31. Kf1 Bb4 32. Kg2 Re3 33. h4 1/2-1/2

[Event "Andorra op 34th"]
[Site "Escaldes"]
[Date "2016.08.08"]
[Round "6"]
[White "Elguezabal Selioutin, Dario"]
[Black "Monpeurt, Cyrielle"]
[Result "0-1"]
[WhiteElo "1780"]
[BlackElo "2136"]
[PlyCount "68"]
[EventDate "2016.08.03"]
[EventType "swiss"]
[EventRounds "9"]
[EventCountry "AND"]
[SourceTitle "CBM 173 Extra"]
[Source "ChessBase"]
[SourceDate "2016.08.29"]
[SourceVersion "1"]
[SourceVersionDate "2016.08.29"]
[SourceQuality "1"]

1. d4 Nf6 2. Nf3 d5 3. c4 c6 4. e3 g6 5. Nc3 Bg7 6. Bd3 0-0 7. 0-0 Bg4 8. h3 Bxf3 9. Qxf3 e6 10. Rd1 Nbd7 11. e4 e5 12. Be3 c5 13. Nxd5 Nxd5 14. cxd5 cxd4 15. Bd2 Qb6 16. a3 Nc5 17. Bb4 Rfc8 18. Bxc5 Rxc5 19. Rac1 Rac8 20. Rxc5 Rxc5 21. Rd2 Bh6 22. Rd1 Kg7 23. Kh2 a6 24. Qe2 Qb3 25. g3 Bc1 26. Kg2 h5 27. h4 Rc7 28. Rxc1 Rxc1 29. f4 f6 30. d6 Qe6 31. Qd2 Rc6 32. Qb4 b5 33. a4 Qxd6 34. Qxd6 Rxd6 0-1

[Event "ESP-ch U16"]
[Site "Granada"]
[Date "2016.07.18"]
[Round "1"]
[White "Elguezabal Selioutin, Dario"]
[Black "Plazuelo Pascual, Juan"]
[Result "0-1"]
[WhiteElo "1840"]
[BlackElo "2228"]
[PlyCount "72"]
[EventDate "2016.07.18"]
[EventType "swiss"]
[EventRounds "9"]
[EventCountry "ESP"]
[SourceTitle "EXT 2024"]
[Source "ChessBase"]
[SourceDate "2023.10.10"]
[SourceVersion "1"]
[SourceVersionDate "2023.10.10"]
[SourceQuality "1"]

1. d4 Nf6 2. Nf3 b6 3. c4 Bb7 4. e3 g6 5. Nc3 Bg7 6. Be2 0-0 7. 0-0 e6 8. Qc2 d5 9. cxd5 exd5 10. b3 Re8 11. Bb2 c6 12. Rfd1 Nbd7 13. Rac1 Qe7 14. h3 Rac8 15. Qb1 h5 16. a3 a5 17. Bf1 Rb8 18. Be2 Ba8 19. Bd3 Ne4 20. Bxe4 dxe4 21. Nd2 c5 22. Nb5 cxd4 23. Bxd4 Bxd4 24. Nxd4 Nc5 25. Nb5 Bc6 26. a4 Qf6 27. Nc4 Bxb5 28. Rd6 Qg5 29. axb5 Nd3 30. Rc2 Qxb5 31. Rd2 Qb4 32. Qa2 b5 33. Rb6 Nc1 34. Qb2 Nxb3 35. Rxb8 Rxb8 36. Qe5 bxc4 0-1

[Event "Collado Villalba op-B 32nd"]
[Site "Collado Villalba"]
[Date "2015.08.25"]
[Round "4"]
[White "Elguezabal Selioutin, Dario"]
[Black "Orta Vazquez, Mario"]
[Result "1-0"]
[WhiteElo "1610"]
[BlackElo "1409"]
[PlyCount "123"]
[EventDate "2015.08.22"]
[EventType "swiss"]
[EventRounds "9"]
[EventCountry "ESP"]
[SourceTitle "EXT 2016"]
[Source "ChessBase"]
[SourceDate "2015.10.08"]
[SourceVersion "1"]
[SourceVersionDate "2015.10.08"]
[SourceQuality "1"]

1. d4 Nf6 2. Nf3 d6 3. Bg5 Bg4 4. Nbd2 Nbd7 5. c3 h6 6. Bh4 e5 7. e4 Be7 8. Qc2 Rc8 9. Bc4 0-0 10. 0-0 a6 11. a4 c6 12. h3 d5 13. dxe5 Bxf3 14. exf6 Bxf6 15. Bxf6 Nxf6 16. Nxf3 dxc4 17. Rfe1 Re8 18. Rad1 Qc7 19. Rd4 b5 20. e5 c5 21. Rd2 Nd7 22. Qf5 Re6 23. Rd5 Rce8 24. Re3 Nb6 25. Rd6 Nxa4 26. Re2 Nb6 27. Red2 a5 28. Qf4 a4 29. Rd1 Ra8 30. Rxe6 fxe6 31. Qg4 Qe7 32. Rd6 Nd5 33. Rxe6 Qd7 34. Rd6 Qxg4 35. hxg4 Nf4 36. e6 Kf8 37. Ne5 Ke8 38. g3 Ne2+ 39. Kf1 Nc1 40. Rb6 a3 41. bxa3 Rxa3 42. Nc6 Ra8 43. Rxb5 Nd3 44. Rb7 Rc8 45. Na5 Ne5 46. Rxg7 Kf8 47. Rh7 Kg8 48. Rxh6 Kg7 49. Rh5 Kf6 50. Rh6+ Ke7 51. f4 Nxg4 52. Rg6 Ne3+ 53. Ke2 Nd5 54. Kd2 Nf6 55. f5 Rd8+ 56. Kc2 Rd6 57. Rg7+ Ke8 58. Nxc4 Ra6 59. g4 Ra2+ 60. Kd3 Ra1 61. Nd6+ Kd8 62. e7+ 1-0